ՀՀ Գիտությունների ազգային ակադեմիայի հիմնարար գիտական գրադարան  =   Fundamental Scientific Library of NAS RA

Արձակ առակներ : (Record no. 83094)

MARC details
000 -LEADER
fixed length control field 00968nam a2200217 a 4500
001 - CONTROL NUMBER
control field 000235102
003 - CONTROL NUMBER IDENTIFIER
control field AM-YeHGA
005 - DATE AND TIME OF LATEST TRANSACTION
control field 20250618071604.0
008 - FIXED-LENGTH DATA ELEMENTS--GENERAL INFORMATION
fixed length control field 030616s1989 ai 000 | arm d
020 ## - INTERNATIONAL STANDARD BOOK NUMBER
International Standard Book Number 5807702220
040 ## - CATALOGING SOURCE
Original cataloging agency AM-YeHGA
090 ## - LOCALLY ASSIGNED LC-TYPE CALL NUMBER (OCLC); LOCAL CALL NUMBER (RLIN)
-- 84368
100 1# - MAIN ENTRY--PERSONAL NAME
Personal name Լեսինգ, Գ.Ա
245 10 - TITLE STATEMENT
Title Արձակ առակներ :
Remainder of title Դպր. միջին և բարձր տարիքի համար /
Statement of responsibility, etc. Գ. Լեսինգ; Թարգմ. և վերջաբ.՝ Ա. Առաքելյան; Խմբ.՝ Ջ.Մ. Ղազարյան; Նկ.՝ Ս. Սաֆյան.
260 ## - PUBLICATION, DISTRIBUTION, ETC.
Place of publication, distribution, etc. Երևան :
Name of publisher, distributor, etc. Արևիկ,
Date of publication, distribution, etc. 1989.
300 ## - PHYSICAL DESCRIPTION
Extent 110 էջ :
Other physical details գունանկ. ;
Dimensions 15 սմ.
650 14 - SUBJECT ADDED ENTRY--TOPICAL TERM
Topical term or geographic name entry element Գերմանական գրականություն
General subdivision Առակ
700 1# - ADDED ENTRY--PERSONAL NAME
Personal name Առաքելյան, Ա.
Relator term թարգմ.
Relationship trl
Relator term վերջաբ.
Relationship aft
700 1# - ADDED ENTRY--PERSONAL NAME
Personal name Ղազարյան, Ջուլիետա Միհրանի,
Dates associated with a name 1934-
Relator term խմբ.
Relationship edt
9 (RLIN) 1876
700 1# - ADDED ENTRY--PERSONAL NAME
Personal name Սաֆյան, Սպարտակ Գևորգի,
Dates associated with a name 1929-2001
Relator term նկ.
Relationship art
9 (RLIN) 4028
Holdings
Withdrawn status Lost status Damaged status Not for loan Collection Home library Current library Date acquired Total checkouts Full call number Barcode Date last seen Cost, replacement price Price effective from Koha item type Public note
        General Fundamental Scientific Library Fundamental Scientific Library 22/12/2016   AI/18976 FL0063115 22/12/2016 30.00 22/12/2016 Գրքեր / Books 30 Days Loan
        General Fundamental Scientific Library Fundamental Scientific Library 22/12/2016   AI/19121 FL0063431 22/12/2016 30.00 22/12/2016 Գրքեր / Books 30 Days Loan


ՀՀ ԳԱԱ հիմնարար գիտական գրադարան
ՀՀ,Երևան 0019
Մարշալ Բաղրամյան 24/6
հեռախոս:(374-10) 52-47-50
Հետադարձ կապ

All site content, except where otherwise noted, is licensed under a
Creative Commons License